000 00784cam a2200241 a 4500
001 3542380
005 20180308070819.0
008 970416s1998 maua b 001 0 eng
010 _a 97013806
020 _a0256164592 (acidfree paper)
020 _a0256271348 (Wall Street Journal ed.)
040 _aDLC
_cDLC
_dDLC
041 _aeng
080 _a332.6 BOD
082 0 0 _a332.6 BOD
_221
100 1 _a51
101 _aINV
245 1 0 _aEssentials of investments /
_cZvi Bodie, Alex Kane, Alan J. Marcus.
504 _aIncludes bibliographical references (p. 590-593) and indexes.
906 _a7
_bcbc
_corignew
_d1
_eocip
_f19
_gy-gencatlg
942 _2ddc
_cBK
999 _c44461
_d44461